000 00620nam a2200157 a 4500
001 000035849
005 20200930074649.0
008 111115s1966 dr 000 0 spa d
040 _aDO-SdBNP
_bspa
_cBNPHU
245 0 0 _aAntología del cuento nortino :
_btarapaca, antofagasta atacama coquimbo /
_ccompilación y notas de Mario Bahamonde S.
260 _aSantiago de chile :
_bUniversidad de Chile, Departamento de Extensión Universitaria,
_c1966.
300 _a369 p. ;
_c19 cm.
590 _aPerteneció a la biblioteca personal de Juan Isidro Jimenes Grullón
700 1 _aBahamonde S., Mario
_961827
049 _aBNPD
999 _c35340
_d35340